000 00756nam a22002897a 4500
001 BR0204240
003 BR-BrBNA
005 20230928101134.0
007 ta
008 230509b bl.||||| |||| 00| 0 por d
040 _aBR-BrBNA
_bpor
_cBiblioteca Nacional de Agricultura
041 _a(Por)
072 _aF01
090 _ F01 BR0204240
100 1 _aCarvalho, S.J. de M.
245 1 _aA horta e a pequena lavoura praticadas em Juiz de Fora
260 3 _aJuiz de Fora, MG (Brasil):
_c1926.
300 _a182 p.
650 _aHORTA
650 _aLAVOURA
650 _aPRÁTICA CULTURAL
650 _aCALENDÁRIO AGRÍCOLA
650 _aPEQUENO PRODUTOR
650 _aMINAS GERAIS
909 _a202309
_bLucia
_c55
_dLucia Elande
942 _cBK
999 _c64424
_d64424